00956nam a2200301Ia 450000500170000000800370001702000150005404100080006910000300007724500630010725000180017030000250018849000130021350000520022665000350027865000390031365000470035265000350039970000260043494200150046026400300047533600270050533700330053233800280056504000350059308400110062899900150063920220317001827.0170410s2004 s g 000 f s a8483102757 aspa1 aLowry, Malcolmd1909-195710aUltramarinacMalcolm Lowry ; traducción de Jaime Zulaika a1a. edición a223 páginasc21 cm aAndanzas aIncluye datos biográficos del autor en solapa142LEMBaNovela inglesaySiglo XX142LEMBaLiteratura inglesaySiglo XX142LEMBaAventuras en el mar en la literatura142LEMBaMarinos en la literatura1 aZulaika, Jaime911419 2loccBKLIT aBarcelonabTusquetsc2004 atextobtxt2rdacontent asin mediaciónbn2rdamedia avolumenbnc2rdacarrier aCO-BoRNBPbspaerdacCO-BoRNBP aN LOW1 c8226d8226